000 00514nam a2200205Ia 4500
005 20250326144947.0
008 250326s9999 xx 000 0 und d
020 _a0-7069-8782-9
037 _aTextbook
040 _aFMSL
_beng
_cFMSL
041 _aeng
_2eng
084 _aX:8D N4
_qFMSL
100 _aRao S B
245 0 _aFicial management
_cRao S B
250 _a2
260 _aNew Delhi
_bNew Delhi, Vikas
_c1994
300 _axii,186
942 _cTB
_hX:8D N4
999 _c1305814
_d1305814